[Event "CYCC U16U18 w"]
[Site "Victoria CAN"]
[Date "2009.07.23"]
[Round "6"]
[White "Powell, Samantha"]
[Black "Du, Jasmine"]
[Result "0-1"]
[WhiteElo "1604"]
[BlackElo "1810"]
[PlyCount "88"]
[GameId "2160767910093960"]
[EventDate "2009.07.21"]
[EventType "tourn"]
[EventRounds "7"]
[EventCountry "CAN"]
[SourceTitle "EXT 2011"]
[Source "ChessBase"]
[SourceDate "2011.11.26"]
[SourceVersion "1"]
[SourceVersionDate "2011.11.26"]
[SourceQuality "1"]

1. e4 b6 2. d4 Bb7 3. Bd3 e6 4. Nf3 c5 5. c3 Be7 6. Nbd2 cxd4 7. cxd4 d6 8. O-O Nf6 9. Re1 O-O 10. Nf1 Nbd7 11. Ng3 Re8 12. Bd2 Rc8 13. Rc1 Rxc1 14. Qxc1 Qa8 15. b3 Nf8 16. h3 Rc8 17. Qb1 Ng6 18. Rc1 Rxc1+ 19. Qxc1 Qb8 20. Qc2 a6 21. a4 Nd7 22. b4 Qd8 23. Qb3 Nf6 24. b5 a5 25. Qc2 Qd7 26. Be3 Bd8 27. Nd2 Bc7 28. f4 e5 29. f5 exd4 30. fxg6 dxe3 31. gxh7+ Nxh7 32. Nf3 Nf6 33. Nf1 Qe7 34. Ng5 d5 35. Nxe3 Bf4 36. Nf5 Qd7 37. h4 dxe4 38. Bxe4 Nxe4 39. Nxe4 Qxf5 40. Nf6+ Qxf6 41. Qf2 Qa1+ 42. Qf1 Be3+ 43. Kh2 Qxf1 44. Kh3 Qxg2# 0-1

[Event "CYCC U16U18 w"]
[Site "Victoria CAN"]
[Date "2009.07.23"]
[Round "6"]
[White "Xiong, Sonja"]
[Black "Lam, Karen"]
[Result "1-0"]
[WhiteElo "1843"]
[BlackElo "1007"]
[PlyCount "51"]
[GameId "2160767910093961"]
[EventDate "2009.07.21"]
[EventType "tourn"]
[EventRounds "7"]
[EventCountry "CAN"]
[SourceTitle "hb 2009.10"]

1. e4 e5 2. Nf3 Nc6 3. Bb5 Nf6 4. Nc3 Bb4 5. d3 d6 6. O-O h6 7. Nd5 a6 8. Bxc6+ bxc6 9. Nxb4 c5 10. Nd5 O-O 11. h3 Bb7 12. Nxf6+ Qxf6 13. Nh2 Rfe8 14. Ng4 Qe6 15. f4 d5 16. f5 Qb6 17. exd5 Bxd5 18. c4 Bb7 19. f6 gxf6 20. Nxf6+ Kf8 21. Nd7+ Kg8 22. Nxb6 cxb6 23. Bxh6 f6 24. Qg4+ Kf7 25. Qg7+ Ke6 26. Rxf6# 1-0

[Event "CYCC U16U18 w"]
[Site "Victoria CAN"]
[Date "2009.07.23"]
[Round "6"]
[White "Yang, Marguerite"]
[Black "Nelson, Shania"]
[Result "1-0"]
[WhiteElo "1704"]
[BlackElo "811"]
[PlyCount "63"]
[GameId "2160767910093962"]
[EventDate "2009.07.21"]
[EventType "tourn"]
[EventRounds "7"]
[EventCountry "CAN"]
[SourceTitle "hb 2009.10"]

1. d4 Na6 2. e4 d6 3. c4 Nh6 4. Be2 g6 5. Be3 e6 6. Qd2 Rb8 7. Bxh6 Rg8 8. Nf3 b6 9. b4 Qd7 10. b5 Ra8 11. Bxf8 Nb8 12. Bh6 Rh8 13. Ng5 f6 14. Nf3 a6 15. Nc3 c6 16. O-O Bb7 17. a4 Ra7 18. Be3 Bc8 19. d5 Bb7 20. dxc6 Qd8 21. cxb7 Rxb7 22. Rfd1 Rf8 23. Qxd6 Qxd6 24. Rxd6 Rd7 25. Rxe6+ Kd8 26. Bxb6+ Kc8 27. Nd5 h6 28. Bc5 h5 29. Bxf8 Rd8 30. Bc5 g5 31. Re7 g4 32. Nb6# 1-0

[Event "CYCC U16U18 w"]
[Site "Victoria CAN"]
[Date "2009.07.23"]
[Round "7"]
[White "Du, Jasmine"]
[Black "Kagramanov, Dalia"]
[Result "1-0"]
[WhiteElo "1810"]
[BlackElo "1941"]
[PlyCount "43"]
[GameId "2160767910093963"]
[EventDate "2009.07.21"]
[EventType "tourn"]
[EventRounds "7"]
[EventCountry "CAN"]
[SourceTitle "EXT 2011"]
[Source "ChessBase"]
[SourceDate "2011.11.26"]
[SourceVersion "1"]
[SourceVersionDate "2011.11.26"]
[SourceQuality "1"]

1. d4 c5 2. c3 d5 3. Nf3 e6 4. e3 Nf6 5. Bd3 Bd6 6. O-O O-O 7. Nbd2 b6 8. e4 Be7 9. e5 Nfd7 10. Re1 Nc6 11. a3 Qc7 12. Nf1 f6 13. exf6 Nxf6 14. Ng5 e5 15. dxe5 Ng4 16. Bxh7+ Kh8 17. e6 Bxg5 18. Bxg5 Nf6 19. Bg6 d4 20. Bxf6 gxf6 21. Qh5+ Kg8 22. e7 1-0

[Event "CYCC U16U18 w"]
[Site "Victoria CAN"]
[Date "2009.07.23"]
[Round "7"]
[White "Nelson, Shania"]
[Black "Powell, Samantha"]
[Result "0-1"]
[WhiteElo "811"]
[BlackElo "1604"]
[PlyCount "52"]
[GameId "2160767910093964"]
[EventDate "2009.07.21"]
[EventType "tourn"]
[EventRounds "7"]
[EventCountry "CAN"]
[SourceTitle "EXT 2011"]
[Source "ChessBase"]
[SourceDate "2011.11.26"]
[SourceVersion "1"]
[SourceVersionDate "2011.11.26"]
[SourceQuality "1"]

1. e3 e5 2. f3 d5 3. d3 Nc6 4. Na3 Nf6 5. Rb1 Bc5 6. Nb5 a6 7. Nxc7+ Qxc7 8. Bd2 O-O 9. g3 Be6 10. Bc3 Rfe8 11. Qd2 d4 12. Ba5 Nxa5 13. Qd1 Bb4+ 14. c3 dxc3 15. Rc1 c2+ 16. Kf2 cxd1=Q 17. Rxd1 Bxa2 18. h3 Bb3 19. Rb1 Qc2+ 20. Ne2 Qxb1 21. Bg2 Qxb2 22. Bf1 Bd1 23. Kg1 Bxe2 24. Rh2 Rac8 25. Bxe2 Rc1+ 26. Bd1 Rxd1# 0-1

[Event "CYCC U16U18 w"]
[Site "Victoria CAN"]
[Date "2009.07.24"]
[Round "7"]
[White "Lam, Karen"]
[Black "Yang, Marguerite"]
[Result "0-1"]
[WhiteElo "1007"]
[BlackElo "1704"]
[PlyCount "64"]
[GameId "2160767910093965"]
[EventDate "2009.07.21"]
[EventType "tourn"]
[EventRounds "7"]
[EventCountry "CAN"]
[SourceTitle "hb 2009.10"]

1. e4 c5 2. Nc3 d6 3. Bc4 Nf6 4. d3 g6 5. h3 Bg7 6. Nf3 O-O 7. O-O Nc6 8. a3 a6 9. Be3 b5 10. Bd5 Bb7 11. Bxc6 Bxc6 12. b4 Nd7 13. Qd2 a5 14. Rab1 axb4 15. axb4 Ra3 16. Rb3 cxb4 17. Nb1 Rxb3 18. cxb3 Qa5 19. Rc1 Rc8 20. Nd4 Bb7 21. Rxc8+ Bxc8 22. Qc1 Bb7 23. Nc6 Qa2 24. Nxe7+ Kf8 25. Bg5 f6 26. Qc7 Qxb1+ 27. Kh2 Kxe7 28. Qxb7 fxg5 29. Qxb5 Be5+ 30. g3 Qxb3 31. Qb7 Qc2 32. Qxb4 Qxf2+ 0-1

[Event "CYCC U16U18 w"]
[Site "Victoria CAN"]
[Date "2009.07.24"]
[Round "7"]
[White "Xiong, Sonja"]
[Black "McDonald, Dorissa"]
[Result "1-0"]
[WhiteElo "1843"]
[BlackElo "702"]
[PlyCount "33"]
[GameId "2160767910093966"]
[EventDate "2009.07.21"]
[EventType "tourn"]
[EventRounds "7"]
[EventCountry "CAN"]
[SourceTitle "hb 2009.10"]

1. e4 e5 2. Nf3 Nc6 3. Bb5 Nb8 4. Nxe5 c6 5. Bc4 d6 6. Nxf7 Qc7 7. Nxh8 Ne7 8. Qh5+ Kd8 9. Nf7+ Kd7 10. O-O g6 11. Qxh7 Qa5 12. Qh3+ Kc7 13. Qg3 Qa4 14. Nxd6 Nf5 15. Nb5+ Kd8 16. Qc7+ Ke8 17. Bf7# 1-0

[Event "CYCC U18"]
[Site "Victoria CAN"]
[Date "2009.07.21"]
[Round "1"]
[White "Deschenes, Marc-Andre"]
[Black "Me, Kevin"]
[Result "1/2-1/2"]
[WhiteElo "1864"]
[BlackElo "2124"]
[PlyCount "42"]
[GameId "2160767910155407"]
[EventDate "2009.07.21"]
[EventType "swiss"]
[EventRounds "7"]
[EventCountry "CAN"]
[SourceTitle "EXT 2011"]
[Source "ChessBase"]
[SourceDate "2011.11.26"]
[SourceVersion "1"]
[SourceVersionDate "2011.11.26"]
[SourceQuality "1"]

1. e4 c5 2. Nf3 d6 3. d4 cxd4 4. Nxd4 Nf6 5. Nc3 a6 6. Bg5 e6 7. f4 Be7 8. Qf3 Qc7 9. O-O-O Nbd7 10. Bd3 b5 11. Rhe1 Bb7 12. Qg3 b4 13. Nd5 exd5 14. e5 dxe5 15. fxe5 Nh5 16. Qh4 Bxg5+ 17. Qxg5 g6 18. e6 Nc5 19. exf7+ Kxf7 20. Rf1+ Kg7 21. Nf5+ Kg8 1/2-1/2

[Event "CYCC U18"]
[Site "Victoria CAN"]
[Date "2009.07.21"]
[Round "1"]
[White "Gaciu, Vlad"]
[Black "Ji, Henry"]
[Result "1/2-1/2"]
[WhiteElo "1968"]
[BlackElo "1694"]
[PlyCount "83"]
[GameId "2160767910155408"]
[EventDate "2009.07.21"]
[EventType "swiss"]
[EventRounds "7"]
[EventCountry "CAN"]
[SourceTitle "EXT 2011"]
[Source "ChessBase"]
[SourceDate "2011.11.26"]
[SourceVersion "1"]
[SourceVersionDate "2011.11.26"]
[SourceQuality "1"]

1. e4 e5 2. Nf3 Nc6 3. d4 exd4 4. Nxd4 Bc5 5. Nxc6 bxc6 6. Bd3 Nf6 7. O-O O-O 8. Bg5 h6 9. Bh4 Be7 10. c4 d6 11. Re1 Be6 12. Qc2 Nd7 13. Bxe7 Qxe7 14. Nd2 Rab8 15. Rab1 f6 16. Be2 Qf7 17. Nf3 Ne5 18. b3 c5 19. Nh4 Nc6 20. Qd1 f5 21. Bh5 Qf6 22. Ng6 Rfd8 23. Nf4 Nd4 24. Bg6 fxe4 25. Nxe6 Qxe6 26. Bxe4 Qf6 27. Qd2 Rf8 28. f3 c6 29. Re3 Qg5 30. Rbe1 Rxf3 31. Qd3 Rxe3 32. Qxe3 Qxe3+ 33. Rxe3 Rf8 34. Bd3 Kf7 35. h3 Kf6 36. g3 Rf7 37. Re8 g5 38. Rh8 Nf3+ 39. Kh1 Ke5 40. Rxh6 Ne1 41. Be2 Rf2 42. Rh8 1/2-1/2

[Event "CYCC U18"]
[Site "Victoria CAN"]
[Date "2009.07.21"]
[Round "2"]
[White "Ji, Henry"]
[Black "Xu, Haizhou"]
[Result "0-1"]
[WhiteElo "1694"]
[BlackElo "1704"]
[PlyCount "88"]
[GameId "2160767910155410"]
[EventDate "2009.07.21"]
[EventType "swiss"]
[EventRounds "7"]
[EventCountry "CAN"]
[SourceTitle "hb 2009.10"]

1. Nf3 Nf6 2. c4 g6 3. g3 Bg7 4. Bg2 O-O 5. O-O d6 6. d4 Nbd7 7. Nc3 e5 8. e4 c6 9. Re1 exd4 10. Nxd4 Re8 11. Rb1 a5 12. b3 Nc5 13. Bb2 Qb6 14. Nc2 Bg4 15. Qd2 Rad8 16. h3 Bc8 17. Ba3 Nfd7 18. b4 axb4 19. Nxb4 Qa5 20. Bc1 Ne5 21. Qe2 Be6 22. Qc2 Bxc4 23. Bd2 Ncd3 24. Nxd3 Bxd3 25. Qb3 Bxb1 26. Nxb1 Qc7 27. Be3 b5 28. Nd2 Qa5 29. Rc1 c5 30. Bf1 c4 31. Qb1 Ra8 32. f4 Nc6 33. Nf3 Reb8 34. Rd1 Qxa2 35. Qxa2 Rxa2 36. Rxd6 Na5 37. Ba7 Ra8 38. Bf2 Bf8 39. Rd7 b4 40. f5 b3 41. Bd4 b2 42. Nd2 Rb8 43. Bxb2 Rbxb2 44. Nxc4 Bc5+ 0-1

[Event "CYCC U18"]
[Site "Victoria CAN"]
[Date "2009.07.21"]
[Round "2"]
[White "Kaminski, Victor"]
[Black "Deschenes, Marc-Andre"]
[Result "1-0"]
[WhiteElo "2328"]
[BlackElo "1864"]
[PlyCount "73"]
[GameId "2160767910155411"]
[EventDate "2009.07.21"]
[EventType "swiss"]
[EventRounds "7"]
[EventCountry "CAN"]
[SourceTitle "EXT 2011"]
[Source "ChessBase"]
[SourceDate "2011.11.26"]
[SourceVersion "1"]
[SourceVersionDate "2011.11.26"]
[SourceQuality "1"]

1. c4 Nf6 2. g3 e6 3. Bg2 d5 4. Nf3 Be7 5. O-O Nbd7 6. b3 O-O 7. Bb2 c6 8. d3 b6 9. Nbd2 Bb7 10. Qc2 Rc8 11. e4 dxe4 12. dxe4 Qc7 13. e5 Ng4 14. Rfe1 Rfd8 15. h3 Nh6 16. g4 Nf8 17. Ne4 Rd7 18. c5 Ba6 19. Nd6 Rb8 20. Nd4 bxc5 21. Nxc6 Rb6 22. Nxe7+ Rxe7 23. Bc3 Rb8 24. Qd2 Nd7 25. Ba5 Nb6 26. Rac1 Rd7 27. Qe3 f6 28. Rxc5 Qd8 29. Rc6 f5 30. gxf5 Nxf5 31. Nxf5 exf5 32. e6 Rd3 33. e7 Qe8 34. Qe6+ Kh8 35. Bxb6 Rxb6 36. Rc8 Bxc8 37. Qxc8 1-0

[Event "CYCC U18"]
[Site "Victoria CAN"]
[Date "2009.07.21"]
[Round "2"]
[White "Me, Kevin"]
[Black "Gaciu, Vlad"]
[Result "1-0"]
[WhiteElo "2124"]
[BlackElo "1968"]
[PlyCount "49"]
[GameId "2160767910155412"]
[EventDate "2009.07.21"]
[EventType "swiss"]
[EventRounds "7"]
[EventCountry "CAN"]
[SourceTitle "EXT 2011"]
[Source "ChessBase"]
[SourceDate "2011.11.26"]
[SourceVersion "1"]
[SourceVersionDate "2011.11.26"]
[SourceQuality "1"]

1. e4 d6 2. d4 Nf6 3. Nc3 g6 4. Bc4 Bg7 5. Qe2 e5 6. dxe5 dxe5 7. Nf3 Bg4 8. Bxf7+ Ke7 9. Bb3 Nc6 10. Qc4 Rf8 11. h3 Bc8 12. Bg5 Ke8 13. Ba4 Bd7 14. O-O-O h6 15. Be3 a6 16. Bxc6 bxc6 17. Bc5 Qc8 18. Nxe5 Be6 19. Qa4 Nd7 20. Qxc6 Rf6 21. Nd5 Bxd5 22. Qxd7+ Qxd7 23. Nxd7 Rxf2 24. Bxf2 Kxd7 25. Rxd5+ 1-0

[Event "CYCC U18"]
[Site "Victoria CAN"]
[Date "2009.07.22"]
[Round "3"]
[White "Gaciu, Vlad"]
[Black "Kaminski, Victor"]
[Result "0-1"]
[WhiteElo "1968"]
[BlackElo "2328"]
[PlyCount "49"]
[GameId "2160767910155414"]
[EventDate "2009.07.21"]
[EventType "swiss"]
[EventRounds "7"]
[EventCountry "CAN"]
[SourceTitle "EXT 2011"]
[Source "ChessBase"]
[SourceDate "2011.11.26"]
[SourceVersion "1"]
[SourceVersionDate "2011.11.26"]
[SourceQuality "1"]

1. e4 c6 2. Nf3 g6 3. Nc3 Bg7 4. d4 d6 5. Bc4 e6 6. h4 h6 7. Be3 Nd7 8. Qd2 Ngf6 9. O-O-O Ng4 10. Bf4 Qe7 11. d5 cxd5 12. exd5 e5 13. Rhe1 O-O 14. h5 g5 15. Nh2 Nb6 16. Be2 Nxf2 17. Be3 Nxd1 18. Nxd1 f5 19. g3 Nd7 20. Qb4 Nf6 21. Nc3 a6 22. Na4 b5 23. Nb6 Rb8 24. Nc4 Nxd5 25. Qxd6 0-1

[Event "CYCC U18"]
[Site "Victoria CAN"]
[Date "2009.07.22"]
[Round "3"]
[White "Xu, Haizhou"]
[Black "Me, Kevin"]
[Result "0-1"]
[WhiteElo "1704"]
[BlackElo "2124"]
[PlyCount "106"]
[GameId "2160767910155415"]
[EventDate "2009.07.21"]
[EventType "swiss"]
[EventRounds "7"]
[EventCountry "CAN"]
[SourceTitle "EXT 2011"]
[Source "ChessBase"]
[SourceDate "2011.11.26"]
[SourceVersion "1"]
[SourceVersionDate "2011.11.26"]
[SourceQuality "1"]

1. e4 c5 2. Nf3 a6 3. c4 e6 4. Nc3 Nc6 5. d4 cxd4 6. Nxd4 Qc7 7. Nc2 Nf6 8. Be2 d6 9. O-O Be7 10. Be3 b6 11. f3 O-O 12. Qd2 Rd8 13. Rfd1 Bb7 14. Rac1 Rac8 15. Bf1 Ne5 16. Nd4 Nfd7 17. h3 Qb8 18. b3 Nf6 19. Qf2 Ned7 20. g4 g6 21. Bg2 Qa8 22. Nde2 Nc5 23. Ng3 a5 24. g5 Ne8 25. f4 Nc7 26. Nd5 exd5 27. exd5 Bf8 28. Bd4 Ne8 29. f5 Rc7 30. Rc3 b5 31. Rf1 Bg7 32. Bxg7 Nxg7 33. Be4 bxc4 34. bxc4 Qc8 35. fxg6 hxg6 36. Rf3 Ba6 37. Rxf7 Bxc4 38. Qf6 Rxf7 39. Qxf7+ Kh8 40. Rf2 Nxe4 41. Nxe4 Bd3 42. Qxg6 Bxe4 43. Qxe4 Qc1+ 44. Kh2 Qxg5 45. Qc4 Qe5+ 46. Kh1 Nh5 47. Rf3 Rg8 48. Qc3 Qxc3 49. Rxc3 Rg5 50. Rc7 Rxd5 51. Kg2 Nf6 52. Kf3 Rf5+ 53. Ke2 Kg8 0-1

[Event "CYCC U18"]
[Site "Victoria CAN"]
[Date "2009.07.22"]
[Round "4"]
[White "Kaminski, Victor"]
[Black "Xu, Haizhou"]
[Result "1-0"]
[WhiteElo "2328"]
[BlackElo "1704"]
[PlyCount "109"]
[GameId "2160767910155417"]
[EventDate "2009.07.21"]
[EventType "swiss"]
[EventRounds "7"]
[EventCountry "CAN"]
[SourceTitle "EXT 2011"]
[Source "ChessBase"]
[SourceDate "2011.11.26"]
[SourceVersion "1"]
[SourceVersionDate "2011.11.26"]
[SourceQuality "1"]

1. d4 Nf6 2. c4 g6 3. Nf3 Bg7 4. g3 O-O 5. Bg2 d6 6. Nc3 Nbd7 7. O-O e5 8. e4 c6 9. h3 Qb6 10. d5 Nc5 11. Re1 cxd5 12. cxd5 Bd7 13. Rb1 a5 14. Bf1 Rac8 15. Nd2 Ne8 16. Nb3 Nxb3 17. Qxb3 Qxb3 18. axb3 f5 19. Be3 Bf6 20. Na4 Bd8 21. Nc3 Nf6 22. Rbd1 Nxe4 23. Nxe4 fxe4 24. Rc1 Rf7 25. Bg2 Kg7 26. Kh2 g5 27. Bxe4 h6 28. Kg2 Kg8 29. Rh1 Kg7 30. Rhd1 Kg8 31. g4 Kh8 32. Bg6 Rf6 33. Bd3 Rf7 34. f3 Kg7 35. Kg3 Kf8 36. Bg6 Rg7 37. Bd3 Rf7 38. Rh1 Kg7 39. Kg2 Rf8 40. Kf2 Rf7 41. Ke2 Rf8 42. Rhf1 Rf7 43. Kf2 Rf8 44. Kg2 Rf7 45. Be4 Rf8 46. Ra1 Rh8 47. Rfc1 Rf8 48. Bd3 Rf7 49. b4 b6 50. b5 Kf8 51. b4 Rxc1 52. Bxc1 axb4 53. Ra8 Ke7 54. Ra7 Ke8 55. Bg6 1-0

[Event "CYCC U18"]
[Site "Victoria CAN"]
[Date "2009.07.22"]
[Round "4"]
[White "Me, Kevin"]
[Black "Ji, Henry"]
[Result "1-0"]
[WhiteElo "2124"]
[BlackElo "1694"]
[PlyCount "50"]
[GameId "2160767910155418"]
[EventDate "2009.07.21"]
[EventType "swiss"]
[EventRounds "7"]
[EventCountry "CAN"]
[SourceTitle "EXT 2011"]
[Source "ChessBase"]
[SourceDate "2011.11.26"]
[SourceVersion "1"]
[SourceVersionDate "2011.11.26"]
[SourceQuality "1"]

1. e4 e5 2. Nf3 Nc6 3. Bb5 a6 4. Ba4 Nf6 5. O-O Be7 6. Re1 b5 7. Bb3 O-O 8. a4 Rb8 9. axb5 axb5 10. c3 d6 11. h3 Re8 12. Ng5 Rf8 13. Nf3 Re8 14. d4 exd4 15. Ng5 d5 16. exd5 Nxd5 17. Nxf7 Kxf7 18. Qf3+ Bf6 19. Qxd5+ Be6 20. Qh5+ Kf8 21. Bxe6 Rxe6 22. Rxe6 Qd7 23. Qc5+ Ne7 24. Raa6 dxc3 25. Nxc3 Bxc3 1-0

[Event "CYCC U18"]
[Site "Victoria CAN"]
[Date "2009.07.22"]
[Round "5"]
[White "Gaciu, Vlad"]
[Black "Deschenes, Marc-Andre"]
[Result "0-1"]
[WhiteElo "1968"]
[BlackElo "1864"]
[PlyCount "70"]
[GameId "2160767910155419"]
[EventDate "2009.07.21"]
[EventType "swiss"]
[EventRounds "7"]
[EventCountry "CAN"]
[SourceTitle "EXT 2011"]
[Source "ChessBase"]
[SourceDate "2011.11.26"]
[SourceVersion "1"]
[SourceVersionDate "2011.11.26"]
[SourceQuality "1"]

1. e4 c5 2. f4 d6 3. Nf3 g6 4. Be2 Bg7 5. d3 Nf6 6. c3 Nc6 7. O-O O-O 8. Qe1 e5 9. Qh4 Nh5 10. fxe5 Qxh4 11. Nxh4 Nxe5 12. Bg5 Re8 13. Bxh5 gxh5 14. Rd1 Bg4 15. Rd2 c4 16. h3 Bd7 17. d4 Nd3 18. Na3 h6 19. Be3 Rxe4 20. Nxc4 d5 21. Na3 Rxe3 22. Nc2 Re4 23. g3 Nxb2 24. Na3 Nc4 25. Nxc4 dxc4 26. Kg2 Rae8 27. Rad1 Re2+ 28. Kf3 R8e3+ 29. Kf4 Rxd2 30. Rxd2 Rxc3 31. Re2 Kf8 32. Rb2 b6 33. Nf3 Rd3 34. Rc2 b5 35. Re2 Bxh3 0-1

[Event "CYCC U18"]
[Site "Victoria CAN"]
[Date "2009.07.22"]
[Round "5"]
[White "Ji, Henry"]
[Black "Kaminski, Victor"]
[Result "0-1"]
[WhiteElo "1694"]
[BlackElo "2328"]
[PlyCount "50"]
[GameId "2160767910155420"]
[EventDate "2009.07.21"]
[EventType "swiss"]
[EventRounds "7"]
[EventCountry "CAN"]
[SourceTitle "EXT 2011"]
[Source "ChessBase"]
[SourceDate "2011.11.26"]
[SourceVersion "1"]
[SourceVersionDate "2011.11.26"]
[SourceQuality "1"]

1. Nf3 c5 2. c4 Nc6 3. g3 g6 4. Bg2 Bg7 5. Nc3 e6 6. e3 Nge7 7. d4 cxd4 8. exd4 d5 9. cxd5 Nxd5 10. O-O Nxc3 11. bxc3 O-O 12. Bf4 Qa5 13. Qb3 Qa6 14. a4 Na5 15. Qb5 b6 16. Bd6 Rd8 17. Ne5 Bb7 18. Qxa6 Bxa6 19. Bxa8 Bxf1 20. Kxf1 Rxd6 21. f4 Rd8 22. Bf3 Rc8 23. Ra3 Bf8 24. Ra2 Rxc3 25. Ke2 Nb3 0-1

[Event "CYCC U18"]
[Site "Victoria CAN"]
[Date "2009.07.23"]
[Round "6"]
[White "Deschenes, Marc-Andre"]
[Black "Xu, Haizhou"]
[Result "1/2-1/2"]
[WhiteElo "1864"]
[BlackElo "1704"]
[PlyCount "25"]
[GameId "2160767910155422"]
[EventDate "2009.07.21"]
[EventType "swiss"]
[EventRounds "7"]
[EventCountry "CAN"]
[SourceTitle "EXT 2011"]
[Source "ChessBase"]
[SourceDate "2011.11.26"]
[SourceVersion "1"]
[SourceVersionDate "2011.11.26"]
[SourceQuality "1"]

1. e4 c5 2. Nf3 d6 3. d4 cxd4 4. Nxd4 Nf6 5. Nc3 a6 6. Bc4 e6 7. Bb3 Nbd7 8. O-O Nc5 9. Qe2 b5 10. a3 Nxb3 11. Nxb3 Bb7 12. Rd1 Qc7 13. Bf4 1/2-1/2

[Event "CYCC U18"]
[Site "Victoria CAN"]
[Date "2009.07.23"]
[Round "6"]
[White "Kaminski, Victor"]
[Black "Me, Kevin"]
[Result "1-0"]
[WhiteElo "2328"]
[BlackElo "2124"]
[PlyCount "175"]
[GameId "2160767910155424"]
[EventDate "2009.07.21"]
[EventType "swiss"]
[EventRounds "7"]
[EventCountry "CAN"]
[SourceTitle "EXT 2011"]
[Source "ChessBase"]
[SourceDate "2011.11.26"]
[SourceVersion "1"]
[SourceVersionDate "2011.11.26"]
[SourceQuality "1"]

1. c4 Nf6 2. g3 g6 3. Bg2 Bg7 4. Nc3 O-O 5. Nf3 d6 6. O-O Nc6 7. d3 e5 8. Rb1 a5 9. a3 Nh5 10. b4 axb4 11. axb4 f5 12. Bg5 Bf6 13. Bxf6 Nxf6 14. b5 Ne7 15. Ra1 Rxa1 16. Qxa1 c6 17. Qa7 Nd7 18. bxc6 bxc6 19. Ng5 Rf6 20. Rb1 h6 21. Nf3 d5 22. cxd5 cxd5 23. Nxd5 Nxd5 24. Qa2 N7b6 25. e4 Be6 26. Qa5 fxe4 27. dxe4 Qd6 28. exd5 Bxd5 29. Rxb6 Qxb6 30. Qxd5+ Kf8 31. Qxe5 g5 32. h3 Kf7 33. Qe3 Qxe3 34. fxe3 Ra6 35. Nd4 Kf6 36. g4 Ke5 37. Kf2 Rf6+ 38. Kg3 Rf8 39. Ne2 Rd8 40. Ng1 Rd3 41. Nf3+ Kf6 42. e4 Ra3 43. Bf1 Rc3 44. Bb5 Ke6 45. Be8 Ra3 46. Bg6 Kf6 47. Bf5 Ke7 48. e5 Kf7 49. Kf2 Ke7 50. h4 gxh4 51. Nxh4 Ra6 52. Kg3 Ra3+ 53. Kf4 Ra4+ 54. Be4 Ke6 55. Nf5 Ra5 56. Nxh6 Rxe5 57. Bf5+ Kd5 58. g5 Re7 59. g6 Rg7 60. Nf7 Kd4 61. Kg5 Rxg6+ 62. Bxg6 Ke3 63. Bf5 Kd4 64. Kf4 Kd5 65. Ke3 Kc4 66. Be4 Kc3 67. Bd3 Kb4 68. Kd4 Kb3 69. Ne5 Kb4 70. Bc4 Ka4 71. Nc6 Ka3 72. Kc3 Ka4 73. Bd3 Ka3 74. Nd4 Ka2 75. Nb3 Ka3 76. Bb1 Ka4 77. Kc4 Ka3 78. Kc3 Ka4 79. Nd4 Ka3 80. Nb5+ Ka4 81. Kc4 Ka5 82. Kc5 Ka4 83. Bc2+ Ka5 84. Nd6 Ka6 85. Be4 Ka5 86. Bc6 Ka6 87. Bb5+ Ka7 88. Kc6 1-0

[Event "CYCC U18"]
[Site "Victoria CAN"]
[Date "2009.07.23"]
[Round "7"]
[White "Ji, Henry"]
[Black "Deschenes, Marc-Andre"]
[Result "1-0"]
[WhiteElo "1694"]
[BlackElo "1864"]
[PlyCount "52"]
[GameId "2160767910155425"]
[EventDate "2009.07.21"]
[EventType "swiss"]
[EventRounds "7"]
[EventCountry "CAN"]
[SourceTitle "EXT 2011"]
[Source "ChessBase"]
[SourceDate "2011.11.26"]
[SourceVersion "1"]
[SourceVersionDate "2011.11.26"]
[SourceQuality "1"]

1. Nf3 Nf6 2. c4 e6 3. g3 d5 4. d4 Be7 5. Bg2 O-O 6. O-O c6 7. cxd5 exd5 8. Bf4 Nbd7 9. Nc3 Re8 10. a3 Nf8 11. Rb1 Bf5 12. Rc1 Ng6 13. Bd2 Bd6 14. b4 a6 15. Na4 Qe7 16. e3 Ne4 17. Ne1 Nf6 18. Nc5 h5 19. Bf3 h4 20. g4 Bc8 21. h3 Nh7 22. Qc2 Bc7 23. Kg2 Qd6 24. Rh1 Rf8 25. e4 dxe4 26. Bxe4 Re8 1-0

[Event "CYCC U18"]
[Site "Victoria CAN"]
[Date "2009.07.23"]
[Round "7"]
[White "Xu, Haizhou"]
[Black "Gaciu, Vlad"]
[Result "1-0"]
[WhiteElo "1704"]
[BlackElo "1968"]
[PlyCount "95"]
[GameId "2160767910155427"]
[EventDate "2009.07.21"]
[EventType "swiss"]
[EventRounds "7"]
[EventCountry "CAN"]
[SourceTitle "EXT 2011"]
[Source "ChessBase"]
[SourceDate "2011.11.26"]
[SourceVersion "1"]
[SourceVersionDate "2011.11.26"]
[SourceQuality "1"]

1. e4 d6 2. d4 Nf6 3. Nc3 g6 4. f4 Bg7 5. Nf3 c5 6. Bb5+ Bd7 7. e5 Ng4 8. e6 Bxb5 9. exf7+ Kd7 10. Nxb5 Qa5+ 11. Nc3 cxd4 12. Nxd4 Bxd4 13. Qxd4 Nc6 14. Qc4 Rac8 15. h3 Nh6 16. Bd2 Qf5 17. O-O-O Qxf7 18. Nd5 Nf5 19. Nb6+ Ke8 20. Qxf7+ Kxf7 21. Nxc8 Rxc8 22. Rhe1 Nfd4 23. Bc3 Nb5 24. Re3 Nc7 25. b3 Ne6 26. Kb1 Rc7 27. Rf1 Ncd4 28. Bxd4 Nxd4 29. c4 Nf5 30. Rd3 Ng7 31. g4 Rc5 32. Kb2 Ne8 33. Kc3 b5 34. Rd5 Rxd5 35. cxd5 Nf6 36. Kd4 Ke8 37. a4 bxa4 38. bxa4 Kd7 39. g5 Nh5 40. Rf3 Ng7 41. Ke4 e6 42. Rb3 Kc7 43. Rc3+ Kd7 44. Rc6 Ne8 45. Ra6 exd5+ 46. Kd4 Nc7 47. Rxa7 Kc6 48. Rxc7+ 1-0

[Event "Calgary CICC op"]
[Site "Calgary CAN"]
[Date "2009.05.14"]
[Round "1"]
[White "Castellanos Rodriguez, Renier"]
[Black "Huber, Gregory"]
[Result "1-0"]
[WhiteElo "2446"]
[BlackElo "2245"]
[PlyCount "40"]
[GameId "2160767910156724"]
[EventDate "2009.05.14"]
[EventType "swiss"]
[EventRounds "9"]
[EventCountry "CAN"]
[SourceTitle "CBM 130 Extra"]
[Source "ChessBase"]
[SourceDate "2009.07.02"]
[SourceVersion "2"]
[SourceVersionDate "2009.07.15"]
[SourceQuality "1"]

1. e4 d5 2. exd5 Qxd5 3. Nf3 Nf6 4. d4 Bg4 5. Be2 e6 6. h3 Bh5 7. c4 Bb4+ 8. Nc3 Qd6 9. O-O c6 10. Qb3 Qe7 11. Bg5 Na6 12. c5 Ba5 13. Bxa6 bxa6 14. Ne4 O-O 15. Ne5 Rfc8 16. Nd6 h6 17. Bxf6 gxf6 18. Qg3+ Kh7 19. Qh4 Rc7 20. Nec4 Be2 1-0